|
|
|
|
| LEADER |
01570nam a2200337 a 4500 |
| 001 |
15974 |
| 003 |
BD-DhAAL |
| 008 |
100204r20021990mnua c 000 1 eng d |
| 010 |
|
|
|a 2001055393
|
| 020 |
|
|
|a 0866119604
|
| 020 |
|
|
|a 157765689X
|
| 040 |
|
|
|a DLC
|c DLC
|d DLC
|d BD-DhAAL
|
| 082 |
0 |
0 |
|a 813.54
|2 21
|
| 100 |
1 |
|
|a Verne, Jules,
|d 1828-1905.
|9 57373
|
| 245 |
1 |
2 |
|a A journey to the center of the earth /
|c Jules Verne ; adapted by Howard J. Schwach ; illustrations by Pablo Marcos Studio.
|
| 260 |
|
|
|a Edina, Minn. :
|b ABDO Pub.,
|c 2002.
|
| 300 |
|
|
|a 238 pages :
|b illustrations ;
|c 21 cm
|
| 490 |
0 |
|
|a Great illustrated classics
|
| 500 |
|
|
|a Originally published: New York : Playmore : Waldman Pub., 1990.
|
| 520 |
|
|
|a Professor Hardwigg, his nephew Harry, and their guide Hans explore a volcanic crater in Iceland that leads them to the center of the Earth and to incredible and horrifying discoveries.
|
| 526 |
|
|
|a EL-Pro
|x Shadia Alam
Senior Manager, Human Resources Department
|
| 541 |
1 |
|
|e 15974
|a Bichitra Library
|
| 650 |
|
1 |
|a Explorers
|v Fiction.
|9 57374
|
| 650 |
|
1 |
|a Science fiction.
|
| 700 |
1 |
|
|a Schwach, Howard J.
|9 57375
|
| 710 |
2 |
|
|a Pablo Marcos Studio.
|9 57376
|
| 830 |
|
|
|a Great illustrated classics
|9 57377
|
| 852 |
4 |
|
|a Ayesha Abed Library
|c General Stacks
|
| 942 |
|
|
|2 ddc
|c BK
|
| 999 |
|
|
|c 7349
|d 7349
|
| 952 |
|
|
|0 0
|1 0
|2 ddc
|4 0
|6 813_540000000000000_VER_2002
|7 0
|9 7824
|a BRACUL
|b BRACUL
|c GEN
|d 2010-02-04
|e Bichitra Library
|g 270.00
|l 23
|m 89
|o 813.54 VER
|p 3010015974
|r 2025-10-29
|s 2025-10-24
|t 1
|w 2010-02-04
|y BK
|x Requisitioned by Shadia Alam, Senior manager, HRD
|